ইরান সংকট ও উপসাগরীয় রাজনীতি / (Record no. 34616)

MARC details
000 -LEADER
fixed length control field 00942nam a22002057a 4500
003 - CONTROL NUMBER IDENTIFIER
control field BDDh-ASL
005 - DATE AND TIME OF LATEST TRANSACTION
control field 20250121143937.0
008 - FIXED-LENGTH DATA ELEMENTS--GENERAL INFORMATION
fixed length control field 250121m20202021bg ||||| |||| 00| 0 ben d
040 ## - CATALOGING SOURCE
Transcribing agency BDDh-ASL
041 ## - LANGUAGE CODE
Language code of text/sound track or separate title Bengali
082 ## - DEWEY DECIMAL CLASSIFICATION NUMBER
Classification number 327.1320
Item number REI
100 1# - MAIN ENTRY--PERSONAL NAME
Personal name রেহমান, তারেক শামসুর
Titles and words associated with a name অধ্যাপক
9 (RLIN) 8396
245 1# - TITLE STATEMENT
Title ইরান সংকট ও উপসাগরীয় রাজনীতি /
Statement of responsibility, etc. তারেক শামসুর রেহমান।
246 ## - VARYING FORM OF TITLE
Title proper/short title Iran Songkot O Upsagorio Rajniti by Tareque Shamsur Rehman.
260 ## - PUBLICATION, DISTRIBUTION, ETC.
Place of publication, distribution, etc. ঢাকা:
Name of publisher, distributor, etc. শোভা প্রকাশ,
Date of publication, distribution, etc. ২০২১।
300 ## - PHYSICAL DESCRIPTION
Extent ১৬৮ পৃষ্ঠা:
Dimensions ২২ সে. মি.
650 #0 - SUBJECT ADDED ENTRY--TOPICAL TERM
Topical term or geographic name entry element International Relation (আন্তর্জাতিক সম্পর্ক)
9 (RLIN) 6760
650 #0 - SUBJECT ADDED ENTRY--TOPICAL TERM
Topical term or geographic name entry element Political History (রাজনৈতিক ইতিহাস)
9 (RLIN) 5918
942 ## - ADDED ENTRY ELEMENTS (KOHA)
Source of classification or shelving scheme Dewey Decimal Classification
Koha item type Books
Holdings
Withdrawn status Lost status Source of classification or shelving scheme Damaged status Not for loan Collection code Home library Current library Shelving location Date acquired Source of acquisition Total Checkouts Full call number Barcode Date last seen Copy number Price effective from Koha item type Public note
    Dewey Decimal Classification     Non-fiction Asiatic Society Library Asiatic Society Library General Stacks 01/21/2025 Purchased Book 2023   327.1320 REI 125707 01/21/2025 C-1 01/21/2025 Books Y-2021

Powered by Koha